000 00334nam a2200145Ia 4500
005 20251222140040.0
008 251222s1900||||xx |||||||||||||| ||spa||
020 _a8460447057
082 _a208/V65/Ej.2
100 _aVilar Hueso, Vicente
245 0 _aEn Torno a la Biblia:
250 _a1ra. ed.
264 _bSIFTEL
942 _cLIB
999 _c3242
_d3242